Velos /

Guardado en:
书目详细资料
主要作者: Derrida, Jacques (autor)
其他作者: Cixous, Hélène (autor) (autor), Pignon-Ernest, Ernest (ilustración) (ilustración), Negrón, Mara (prólogo y traducción) (prólogo y traducción)
格式: 图书
语言:西班牙语
出版: México : Siglo XXI, 2001, c2001
丛编:(Teoría Siglo XXI)
主题:
标签: 添加标签
没有标签, 成为第一个标记此记录!

MARC

LEADER 00000nam^a2200000^a^4500
001 000344287
005 20250805163116.0
008 140709 20012001
009 20260310114645.609
020 |a 968-23-2305-3 
037 |a Acervo ITESO - Biblioteca 
041 |a ESP 
082 |a 149. 96  |b DER OBR VEL 
100 |a Derrida, Jacques  |e (autor) 
245 1 0 |a Velos /  |c J. Derrida, H. Cixous ; il. de E. Pignon-Ernest ; pról. y tr. por Mara Negrón. 
264 4 |a México :  |b Siglo XXI,  |c 2001, c2001 
300 |a 91 p. 
336 |a texto  |b txt  |2 rdacontenido 
337 |a sin mediación  |b n  |2 rdamedio 
338 |a volumen  |b nc  |2 rdasoporte 
440 1 |a (Teoría Siglo XXI) 
500 |a Traducción de: Voiles 
545 |a Cuando se habla de la filosofía francesa del siglo XX, Jacques Derrida es uno de los referentes destacados. Derrida, filósofo franco-argelino, nació en El-Biar, Argel en 1930, en una familia judía sefardí, y falleció en París en el año 2004. Durante su juventud fue expulsado de la escuela como parte de la represión provocada por el régimen Vichy en Francia. Avido lector, el joven Derrida se acercó a la obra de pensadores como Camus, Valéry, Nietzsche, Kierkegaard y Heidegger. Formado en Filosofía en la Escuela Normal Superior de París, donde posteriormente daría clases, Derrida se desenvolvió en campos disciplinarios como la literatura, la lingüística, la antropología y la política. Como filósofo se le asocia al postestructuralismo. A partir de sus reflexiones sobre la filosofía y la lengua, propone el concepto de deconstrucción basado en la crítica y análisis de las palabras y sus conceptos, de los textos, discursos y sistemas, de manera que desarticula la supuesta estabilidad de las ideas y devela sus contradicciones. Prolífico escritor en materia de filosofía, crítica y análisis literario, algunos de sus textos son: De la gramatología (1967), La escritura y la diferencia (1967), La diseminación (1972), Espolones. Los estilos de Nietzsche (1976), La tarjeta postal: De Freud a Lacan y más allá (1986), Políticas de la amistad (1994), Mal de archivo (1995), El Monolingüismo del otro o la prótesis de origen (1996), Adiós a Emmanuel Lévinas (1997), Estados de ánimo del psicoanálisis (2000), La universidad sin condición (2001), entre otros. 
649 |a XX 
650 |a Velo -  |x Filosofía -  |x Tema Principal 
650 |a Ocultamiento y Revelación -  |x Filosofía -  |x Tema Principal 
650 |a Estética 
650 |a Ontología 
650 |a Epistemología 
650 |a Postestructuralismo 
650 |a Filosofía Francesa 
650 |a Filosofía del Siglo XX 
700 |a Cixous, Hélène  |e (autor) 
700 |a Pignon-Ernest, Ernest  |e (ilustración) 
700 |a Negrón, Mara  |e (prólogo y traducción) 
910 |a Fondo General 
920 |a Impresos - Libros 
930 |a Colección General 
905 |a 101 
901 |a 0500086114  |b IT1  |c ACC  |u 20250521 
902 |a https://opac.biblio.iteso.mx/vufind/Record/000344287